|
วิทยาลัยพยาบาลบรมราชชนนี ยะลา |
|
แสดงรายละเอียดบรรณานุกรม |
|
|
Brief Record
: Get Marc (ISO 2709)
: E-mail record
: |
|
|
|
| LEADER 00000nam 2200000uu 4500 | |||
| 001 3838 | |||
| 003 ULIBM | |||
| 008 260409s2563||||th 000 0 tha d | |||
| 020 ^a9786164261808 | |||
| 050 4 ^aLB1050^bส183ท | |||
| 100 0 ^aสถิตาภรณ์ ศรีหิรัญ | |||
| 245 10 ^aเทคนิคการอ่านเชิงวิชาการ/^cสถิตาภรณ์ ศรีหิรัญ | |||
| 250 ^aพิมพ์ครั้งที่ 3 | |||
| 260 ^aพิษณุโลก :^bสำนักพิมพ์มหาวิทยาลัยนเรศวร,^c2563. | |||
| 300 ^a127หน้า :^bภาพประกอบ;^c26 ซม. | |||
| 650 7 ^aการอ่าน | |||
| 999 ^aฮัซวานี | |||
| คุณยังไม่ได้ล็อกอิน คุณสามารถมีกิจกรรมร่วมกับเว็บไซต์ได้ แต่ต้องล็อกอินก่อน :: |
|
| สถานะ | |||||||||
| 1. | หนังสือทั่วไป | LB1050 ส183ท 2563 ฉ.1 | ►หนังสือทั่วไปภาษาไทย | On Shelf | |||||
| 2. | หนังสือทั่วไป | LB1050 ส183ท 2563 ฉ.2 | ►หนังสือทั่วไปภาษาไทย | On Shelf | |||||
| [แสดง 2/2 รายการ] | |||||||||
| รายการใกล้เคียง หัวเรื่อง [การอ่าน] |
BibComment |
| คอมเมนท์ทรัพยากรรายการนี้ |
|
|